Countries That Watches Television The Most - Statistics

General Stats
  • This quiz has been taken 362 times
  • The average score is 5 of 8
Answer Stats
Answer % Correct
United States
99%
France
78%
Russia
66%
Spain
66%
Italy
62%
Australia
55%
Brazil
54%
Poland
30%
No matching quizzes found
Score Distribution
Percent of People with Each Score
Percentile by Number Answered
Your Score History
You have not taken this quiz